QCM - Histoire (Niveau moyen) - Statistiques

Statistiques générales
  • Ce quiz a été pris 236 fois
    226 depuis la dernière actualisation
  • Le résultat moyen est 8 sur 20
Statistiques - réponses
Question Réponse % Correct
Qui était le dirigeant de l'Union soviétique lors de la crise des missiles cubains en 1962 ? Nikita Khrouchtchev
81%
Quel événement historique a eu lieu lors de la nuit du 9 novembre 1938 en Allemagne, marquant le début de la persécution systématique des Juifs ? La Nuit de Cristal ?
72%
Quel traité a mis fin à la guerre de Trente Ans en 1648 ? Traité de Westphalie
66%
Quel empire a succédé à l'Empire romain à l'est et a survécu jusqu'à la prise de Constantinople en 1453 ? Empire byzantin
59%
Quel dirigeant égyptien a nationalisé le canal de Suez en 1956, déclenchant la crise du canal de Suez ? Gamal Abdel Nasser
59%
Quelle bataille a été décisive pour la domination normande en Angleterre en 1066 ? Bataille d'Hastings
53%
Quel philosophe grec a été le précepteur d'Alexandre le Grand et a fondé l'école de pensée appelée le Lycée ? Aristote
50%
Quel explorateur a mené le premier voyage réussi autour du monde au XVIe siècle ? Magellan
50%
Quelle bataille de la guerre de Sécession, en 1863, est considérée comme le tournant de la guerre en faveur de l'Union ? Bataille de Gettysburg
47%
Qui était le premier empereur de Chine, fondateur de la dynastie Qin, au IIIe siècle avant J.C. ? Qin Shi Huang
41%
Quel accord a été signé en 1957, créant la Communauté économique européenne (CEE) ? Traité de Rome
38%
Qui était le pharaon égyptien pendant la construction des grandes pyramides de Gizeh ? Khéops
34%
Quel général romain a vaincu Hannibal à la bataille de Zama en 202 avant J.C., mettant fin à la deuxième guerre punique ? Scipion l'Africain
34%
Quel explorateur chinois a entrepris sept voyages de découverte maritime au XVème siècle, atteignant l'Afrique de l'Est et l'Arabie ? Zheng He
31%
Quel empereur romain a initié la construction du Colisée à Rome ? Auguste
28%
Quel traité a mis fin à la guerre de Cent Ans entre l'Angleterre et la France en 1453 ? Traité de Piquigny
22%
Quel roi anglais a signé la Magna Carta en 1215, limitant le pouvoir royal et établissant des principes juridiques fondamentaux ? Jean sans Terre
19%
Quelle bataille de la Première Guerre mondiale est souvent considérée comme le tournant de la guerre sur le front de l'Ouest en faveur des Alliés ? La bataille de la Somme
19%
Quel roi anglais a été tué à la bataille de Bosworth en 1485, mettant fin à la guerre des Deux-Roses ? Richard III
16%
Quel accord a mis fin à la guerre du Vietnam en 1973 ? Accords de Paris
6%
Aucun quiz correspondant
Distribution des résultats
% des personnes avec chaque résultat
Percentile par nombre de réponses
Votre historique - résultats
Vous n’avez pas pris ce quiz depuis la dernière actualisation